000 00682nam a2200241 i 4500
001 C2-0291903
003 PPAK
005 20180728024107.0
008 081028s2007 my a|||| ||||| | eng d
020 _a9789833526604
040 _aPPAK
_beng
_cPPAK
_erda
082 0 4 _a006.6
_223
090 0 0 _a006.6
_bCHA
_dR
100 1 _aChang, Hon Woon,
_eauthor
245 1 0 _aGetting creative with Adobe Photoshop
264 1 _aBatu Caves, Selangor :
_bVenton Publishing ,
_c2007
300 _aiv, 127 pages :
_billustrations ;
_c26 cm
336 _2rdacontent
_atext
337 _2rdamedia
_aunmediated
338 _2rdacarrier
_avolume
650 1 0 _aAdobe Photoshop.
942 _ddc
_cB
999 _c96949
_d96949